Tierbevölkerungen von Ländern - Statistiken

Allgemein
  • Dieses Quiz wurde 148 mal gespielt
  • Das Durchschnittsergebnis liegt bei 9 aus 20
Antwortstatistiken
Tierart Land % Korrekt
Känguru Australien
100%
Großer Panda China
98%
Polarbär Kanada
75%
Kiwi Neuseeland
75%
Tiger Indien
74%
Lamas und Alpakas Peru | Bolivien
55%
Braunbär Russland
54%
Afrikanischer Elefant [Top 3] Botswana | Simbabwe | Tansania
52%
Lemur Madagaskar
49%
Orangutan Indonesien
48%
Hauspferd Vereinigte Staaten
32%
Bonobo Demokratische Republik Kongo
29%
Berberaffe Marokko
23%
Flusspferd [Top 2] Sambia | Tansania
21%
Hausrind Brasilien
20%
Meerechse Ecuador
17%
Paradiesvogel Papua-Neuguinea
17%
Asiatischer Gepard Iran
16%
Trampeltier [Top 3] Tschad | Somalia | Sudan
15%
Bienenelfe Kuba
4%
Keine übereinstimmenden Quizze gefunden
Verteilung der Resultate
Anzahl Personen mit jedem Resultat
Perzentil nach korrekt beantworteten Fragen
Ihre Resultats-Entwicklung
Sie haben dieses Quiz noch nicht gespielt